Musical instruments through the ages

Gorde:
Xehetasun bibliografikoak
Egile nagusia: Baines, Anthony (Egilea)
Formatua: Liburua
Hizkuntza:ingelesa
Argitaratua: Harmondsworth Penguin Books 1961
Saila:Pelican Books, A347
Gaiak:
Etiketak: Etiketa erantsi
Etiketarik gabe, Izan zaitez lehena erregistro honi etiketa jartzen!

MARC

LEADER 00000nam a2200000 a 4500
001 UCW2361
003 CL-VaPUC
005 20231024090521.0
008 890808e19610000UK |||||||||||||||||eng|d
999 |c 216917  |d 216915 
040 |c Pontificia Universidad Católica de Valparaíso 
082 0 4 |a 784.09 BAI 1961  |2 21 
100 0 |a Baines, Anthony  |e author  |9 306404 
245 1 0 |a Musical instruments through the ages 
260 |a Harmondsworth  |b Penguin Books  |c 1961 
300 |a 416 p 
490 0 |a Pelican Books, A347 
583 |a last modification  |c 20120530 11:37:19  |k Rodrigo Vera 
650 0 |a Instrumentos musicales  |2 CL-VaPUC  |9 306600 
650 0 |a Historia de la música  |9 306741 
942 |c BK  |2 ddc 
945 |d 19890808 00:00:00 
952 |0 0  |1 0  |2 ddc  |4 0  |6 784_090000000000000_BAI_1961  |7 0  |8 A  |9 203327  |a BIBEDU  |b BIBEDU  |d 2019-11-15  |i 270577K  |o 784.09 BAI 1961  |p 270577K  |r 2023-01-12  |w 2019-11-15  |y BK  |k MUS